Elementos de geografía universal / (Record no. 18932)

MARC details
000 -CABECERA
campo de control de longitud fija 00602nam a2200193 a 4500
005 - FECHA Y HORA DE LA ÚLTIMA TRANSACCIÓN
campo de control 20231013063558.0
008 - ELEMENTOS DE LONGITUD FIJA--INFORMACIÓN GENERAL
campo de control de longitud fija 991125 mx 000 0 spa u
035 ## - NÚMERO DE CONTROL DEL SISTEMA
Número de control de sistema UPN01000018932
049 ## - COLECCIÓN
Colección LT
050 #4 - SIGNATURA TOPOGRÁFICA DE LA BIBLIOTECA DEL CONGRESO
Número de clasificación LB1583 M6
Número de documento/Ítem T6.3 1905
100 1# - ASIENTO PRINCIPAL--NOMBRE PERSONAL
Nombre de persona Torre, Juan de la
245 10 - MENCIÓN DE TÍTULO
Título Elementos de geografía universal /
Mención de responsabilidad, etc. Juan de la Torre
260 ## - PUBLICACIÓN, DISTRIBUCIÓN, ETC.
Lugar de publicación, distribución, etc. México :
Nombre del editor, distribuidor, etc. Impr. del Siglo Diez y Nueve
300 ## - DESCRIPCIÓN FÍSICA
Extensión 128 p.
500 ## - NOTA GENERAL
Nota general "Para uso de las escuelas primarias de la República Mexicana"
650 #4 - ASIENTO SECUNDARIO DE MATERIA - TERMINO TEMATICO
Término de materia o nombre geográfico como elemento de entrada Geografía
Subdivisión general Estudio y enseñanza (Elemental)
9 (RLIN) 2801
904 ## - ELEMENTOS DE DATOS D LOCAL, LDD (RLIN)
a AC
b 018933
905 ## - TIPO DE MATERIAL
Tipo de material Libro
Holdings
Estado de retiro Estado de pérdida Fuente del sistema de clasificación o colocación Estado dañado No para préstamo Código de colección Localización permanente Ubicación/localización actual Ubicación en estantería Enumeración/cronología de publicación seriada Total de préstamos Clasificación Código de barras Fecha visto por última vez Número de copia Tipo de ítem Koha
    Library of Congress Classification   Coleccion LT Libros de texto Bib. Gregorio Torres Quintero Bib. Gregorio Torres Quintero Libros de Texto -   LB1583 M6 T6.3 1905 122319 31/12/2020 1 Libro